| 000 | 00784nam a22001931a 4500 | ||
|---|---|---|---|
| 001 | 19441 | ||
| 003 | OSt | ||
| 005 | 20260204212453.0 | ||
| 008 | 190529s2006||||ck ||||||b||||||||||spa|| | ||
| 020 | _a958826913x | ||
| 082 | _a797.3 ES74h | ||
| 100 | _aEscobar Chavarriaga, Alejandro | ||
| 245 | _aHockey sub-acuático/Alejandro Escobar Chavarriaga | ||
| 264 | _aArmenia,Colombia:Editorial Kinesis | ||
| 300 | _a219 Páginas | ||
| 650 | _aHockey subacuático-técnica 2.Hockey subacuático-Enseñanza 3.Hockey subacuático-reglamento 4.Hockey subacuático-historia | ||
| 700 | _aGil Rojas,Alirio Miguel II.Muñoz,Angélica María III.Ochoa Ruíz,Carlos IV.García,Edison Juián V.Mesa Valdés, Juan Carlos VI.Macias,Lina María VII.Alzate Cuervo, Vilma AideeÌ | ||
| 942 |
_2ddc _cBK |
||
| 999 |
_c19441 _d19441 |
||